Animals without backbones

Αποθηκεύτηκε σε:
Λεπτομέρειες βιβλιογραφικής εγγραφής
Μορφή: Βιβλίο
Γλώσσα:English
Δημοσίευση: Chicago : University of Chicago , 1987
Έκδοση:3rd ed.
Θέματα:
Ετικέτες: Προσθήκη ετικέτας
Δεν υπάρχουν, Καταχωρήστε ετικέτα πρώτοι!

MARC

LEADER 00000pam a2200000 i 4500
001 1/99979
008 950406s1987 eng d
020 |a 0-226-07873-6 
035 |l 10011516 
040 |a GR-MY-UA  |b gre  |e aacr 
041 0 |a eng 
082 0 |a 592 
245 1 0 |a Animals without backbones /  |c Ralph Buchsbaum 
250 |a 3rd ed. 
260 |a Chicago :   |b University of Chicago ,   |c 1987 
300 |a x, 572 σ.;  |c 24 εκ. 
504 |a Περιέχει βιβλιογραφικές παραπομπές (σ. 553-557) και ευρετήριο 
650 0 0 |a Invertebrates. 
852 |a INST  |b LESVOS  |e 19950406  |h 592 ΒUC  |p 005100001761  |q 005100001761  |t BK  |y 0 
909 |a Λ  |b 035725